[Event "Plzen, FSB A"]
[Site "?"]
[Date "2003.??.??"]
[Round "1.1"]
[White "Horak, J."]
[Black "Fedorchuk, S."]
[Result "0-1"]
[WhiteElo "2138"]
[BlackElo "2557"]
[PlyCount "56"]
[EventDate "2003.??.??"]
[Source "ChessBase"]
[SourceDate "1996.11.15"]

1. e4 c5 2. Nc3 Nc6 3. g3 g6 4. Bg2 Bg7 5. d3 d6 6. Be3 Rb8 7. Qd2 b5 8. f4 b4
9. Nd1 Bd7 10. Nf3 Qc8 11. O-O Nf6 12. e5 Ng4 13. exd6 exd6 14. h3 Nxe3 15.
Qxe3+ Kf8 16. Kh2 Nd4 17. Nxd4 Bxd4 18. Qe4 Kg7 19. c3 bxc3 20. bxc3 Bf6 21. g4
Re8 22. Qf3 Kg8 23. Rc1 Qa6 24. Nf2 Rb2 25. Ne4 Bg7 26. Kh1 Rxg2 27. Qxg2 Bc6
28. g5 c4 0-1

[Event "Plzen, FSB A"]
[Site "?"]
[Date "2003.??.??"]
[Round "1.2"]
[White "Haba, P."]
[Black "Tuma, J."]
[Result "1-0"]
[WhiteElo "2502"]
[BlackElo "2138"]
[PlyCount "79"]
[EventDate "2003.??.??"]
[Source "ChessBase"]
[SourceDate "1996.11.15"]

1. d4 d5 2. c4 c6 3. Nf3 Nf6 4. Nc3 e6 5. Bg5 h6 6. Bxf6 Qxf6 7. Qc2 Nd7 8. e4
dxe4 9. Qxe4 Qf5 10. Qxf5 exf5 11. O-O-O g6 12. Re1+ Be7 13. c5 Kf8 14. Kc2 Bf6
15. b4 a5 16. b5 g5 17. bxc6 bxc6 18. Na4 Rb8 19. a3 g4 20. Ne5 Nxe5 21. dxe5
Be7 22. Bc4 Be6 23. Kc3 Kg7 24. Rb1 Rhd8 25. Rxb8 Rxb8 26. Rd1 Rb7 27. f4 h5
28. h3 Kg8 29. hxg4 hxg4 30. Bxe6 fxe6 31. Kc4 Kf7 32. Nb6 Rb8 33. Rd7 Rh8 34.
Rc7 Ke8 35. Nc8 Kd8 36. Rxe7 Kxc8 37. Rxe6 Rh2 38. Rxc6+ Kd7 39. Rd6+ Ke7 40.
Rd2 1-0

[Event "Plzen, FSB A"]
[Site "?"]
[Date "2003.??.??"]
[Round "1.3"]
[White "Huisman, H."]
[Black "Vokac, M."]
[Result "0-1"]
[WhiteElo "2135"]
[BlackElo "2490"]
[PlyCount "62"]
[EventDate "2003.??.??"]
[Source "ChessBase"]
[SourceDate "1996.11.15"]

1. e4 c5 2. Nf3 d6 3. d4 cxd4 4. Nxd4 Nf6 5. Nc3 a6 6. Bg5 e6 7. f4 Be7 8. Qf3
h6 9. Bh4 g5 10. fxg5 Nfd7 11. O-O-O Ne5 12. Qh5 Bxg5+ 13. Bxg5 Qxg5+ 14. Qxg5
hxg5 15. Be2 Ke7 16. Nf3 Nxf3 17. Bxf3 Nc6 18. Na4 b5 19. Nb6 Rb8 20. Nxc8+
Rbxc8 21. h3 Ne5 22. Be2 Rh4 23. Bf3 Rch8 24. Rhf1 Rf4 25. Rd2 Nxf3 26. Rxf3
Rxf3 27. gxf3 Rxh3 28. Rf2 Kf6 29. Kd2 Ke5 30. Ke2 Kf4 31. b4 d5 0-1

[Event "Plzen, FSB A"]
[Site "?"]
[Date "2003.??.??"]
[Round "1.4"]
[White "Polak, T."]
[Black "Ondrejat, M."]
[Result "1-0"]
[WhiteElo "2473"]
[BlackElo "2133"]
[PlyCount "55"]
[EventDate "2003.??.??"]
[Source "ChessBase"]
[SourceDate "1996.11.15"]

1. d4 Nf6 2. c4 e6 3. Nf3 c5 4. d5 exd5 5. cxd5 d6 6. Nc3 g6 7. h3 Bg7 8. e4
O-O 9. Bd3 Na6 10. O-O Nc7 11. Re1 b6 12. Bf4 Nfe8 13. Qe2 a6 14. a4 Rb8 15. e5
dxe5 16. Nxe5 Bb7 17. Nc6 Bxc6 18. dxc6 Rc8 19. Rad1 Qf6 20. Bxa6 Ra8 21. Bxc7
Nxc7 22. Bb7 Rae8 23. Qg4 Rxe1+ 24. Rxe1 Rd8 25. Qg3 Qd6 26. Qxd6 Rxd6 27. Nb5
Nxb5 28. axb5 1-0

[Event "Plzen, FSB A"]
[Site "?"]
[Date "2003.??.??"]
[Round "1.5"]
[White "Postupa, P."]
[Black "Cvek, R."]
[Result "0-1"]
[WhiteElo "2132"]
[BlackElo "2471"]
[PlyCount "50"]
[EventDate "2003.??.??"]
[Source "ChessBase"]
[SourceDate "1996.11.15"]

1. e4 c5 2. Nf3 Nc6 3. d4 cxd4 4. Nxd4 Nf6 5. Nc3 d6 6. Be2 e5 7. Nb3 Be7 8.
Be3 O-O 9. f3 a5 10. a4 Nb4 11. Qd2 d5 12. exd5 Nfxd5 13. Nxd5 Nxd5 14. O-O Be6
15. f4 Nxe3 16. Qxe3 exf4 17. Qxf4 Bd6 18. Qf3 Qc7 19. Nd4 Bxh2+ 20. Kh1 Bd7
21. Bd3 Be5 22. Qe4 g6 23. Nb5 Qc5 24. c3 Bg3 25. Qf3 Qg5 0-1

[Event "Plzen, FSB A"]
[Site "?"]
[Date "2003.??.??"]
[Round "1.6"]
[White "Jansa, V."]
[Black "Wunsch, J."]
[Result "1-0"]
[WhiteElo "2470"]
[BlackElo "2130"]
[PlyCount "55"]
[EventDate "2003.??.??"]
[Source "ChessBase"]
[SourceDate "1996.11.15"]

1. e4 c5 2. Nf3 d6 3. d4 cxd4 4. Nxd4 Nf6 5. Nc3 a6 6. Be2 e6 7. O-O Be7 8. a4
O-O 9. Be3 Nc6 10. f4 Qc7 11. Kh1 Bd7 12. Nb3 b6 13. Bf3 Bc8 14. g4 Bb7 15. g5
Nd7 16. Bg2 Rfe8 17. Qh5 Rab8 18. f5 Nce5 19. Nd4 Bf8 20. Rf4 g6 21. Qh3 exf5
22. exf5 gxf5 23. Nd5 Bxd5 24. Bxd5 Qc5 25. c4 Qc7 26. Nxf5 b5 27. g6 hxg6 28.
Rh4 1-0

[Event "Plzen, FSB A"]
[Site "?"]
[Date "2003.??.??"]
[Round "1.8"]
[White "Gross, D."]
[Black "Jirasek, P."]
[Result "1-0"]
[WhiteElo "2451"]
[BlackElo "2126"]
[PlyCount "123"]
[EventDate "2003.??.??"]
[Source "ChessBase"]
[SourceDate "1996.11.15"]

1. e4 c5 2. Nf3 Nc6 3. d4 cxd4 4. Nxd4 Nf6 5. Nc3 e6 6. Ndb5 Bb4 7. a3 Bxc3+ 8.
Nxc3 d5 9. exd5 exd5 10. Bd3 O-O 11. O-O d4 12. Ne4 Bf5 13. Bg5 Bxe4 14. Bxe4
h6 15. Bh4 g5 16. Bxc6 bxc6 17. Bg3 Re8 18. Qf3 Ne4 19. Rfe1 Qd5 20. Rad1 Rad8
21. h4 Nxg3 22. Qxg3 c5 23. hxg5 hxg5 24. b3 Qf5 25. b4 f6 26. Qb3+ Kg7 27. Qa4
Rxe1+ 28. Rxe1 Qd7 29. Qxd7+ Rxd7 30. bxc5 Rc7 31. Rd1 Rxc5 32. Rxd4 Rxc2 33.
Rd7+ Kg6 34. Rxa7 Ra2 35. g4 Rc2 36. Kg2 Rc3 37. a4 Ra3 38. a5 Ra4 39. Kf3 Rf4+
40. Kg3 Ra4 41. Ra8 Ra3+ 42. Kg2 Ra4 43. Kf3 Ra3+ 44. Ke2 Ra2+ 45. Ke3 Ra3+ 46.
Kd4 Ra4+ 47. Kc5 Rxg4 48. Rg8+ Kf5 49. a6 Ra4 50. Kb6 Kf4 51. a7 f5 52. a8=Q
Rxa8 53. Rxa8 Kf3 54. Kc5 f4 55. Kd4 Kxf2 56. Ke4 f3 57. Ra2+ Kg3 58. Ke3 g4
59. Rb2 Kh3 60. Kf4 f2 61. Rxf2 g3 62. Rf3 1-0

[Event "Plzen, FSB A"]
[Site "?"]
[Date "2003.??.??"]
[Round "1.9"]
[White "Novacek, K."]
[Black "Laznicka, V."]
[Result "0-1"]
[WhiteElo "2116"]
[BlackElo "2446"]
[PlyCount "52"]
[EventDate "2003.??.??"]
[Source "ChessBase"]
[SourceDate "1996.11.15"]

1. e4 e6 2. Nc3 d5 3. g3 Nf6 4. Bg2 Be7 5. d3 b6 6. Nh3 Bb7 7. O-O d4 8. Nb1 c5
9. b3 Nc6 10. f4 Qc7 11. Nf2 Nd7 12. Bd2 h6 13. a3 a6 14. Qe2 g5 15. c4 O-O-O
16. Rc1 gxf4 17. Bxf4 Bd6 18. Nh3 h5 19. Rf1 Nde5 20. Nd2 Rdg8 21. Ng5 h4 22.
Ndf3 hxg3 23. hxg3 f6 24. Nh3 Ng6 25. Nh2 Nxf4 26. Nxf4 Rxg3 0-1

[Event "Plzen, FSB A"]
[Site "?"]
[Date "2003.??.??"]
[Round "1.10"]
[White "Neuman, P."]
[Black "Pokrupa, M."]
[Result "1-0"]
[WhiteElo "2438"]
[BlackElo "2115"]
[PlyCount "111"]
[EventDate "2003.??.??"]
[Source "ChessBase"]
[SourceDate "1996.11.15"]

1. d4 Nf6 2. c4 g6 3. Nc3 Bg7 4. e4 d6 5. f3 O-O 6. Be3 e5 7. d5 Nh5 8. Qd2 f5
9. O-O-O Nd7 10. exf5 gxf5 11. Bd3 a6 12. Bxf5 Rxf5 13. g4 Rf7 14. gxh5 b5 15.
Nge2 Nb6 16. b3 bxc4 17. b4 a5 18. b5 a4 19. Rhg1 Kh8 20. Ne4 Qe8 21. N2c3 Bf5
22. Bxb6 cxb6 23. Nxd6 Qf8 24. Nxf7+ Qxf7 25. Qg5 Qf8 26. Qxg7+ Qxg7 27. Rxg7
Kxg7 28. Kd2 a3 29. Ke3 Kf6 30. Rg1 Re8 31. h6 Bg6 32. h4 Rd8 33. Rg4 Re8 34.
h5 Bxh5 35. Rg7 Bg6 36. Rb7 Kg5 37. Rxb6 Kxh6 38. Rc6 Rf8 39. b6 Kg5 40. b7 Rb8
41. Rb6 h5 42. d6 Bf5 43. Ne4+ Bxe4 44. Kxe4 Kf6 45. Kd5 c3 46. Rc6 Rxb7 47.
Rxc3 Ra7 48. Rc8 h4 49. Rh8 Ra5+ 50. Kc6 Ra6+ 51. Kc7 Ke6 52. Rh6+ Kd5 53. d7
Ra7+ 54. Kc8 Ra8+ 55. Kb7 Rf8 56. Kc7 1-0

[Event "Plzen, FSB A"]
[Site "?"]
[Date "2003.??.??"]
[Round "1.12"]
[White "Kalod, R."]
[Black "Novy, V."]
[Result "1-0"]
[WhiteElo "2435"]
[BlackElo "2107"]
[PlyCount "71"]
[EventDate "2003.??.??"]
[Source "ChessBase"]
[SourceDate "1996.11.15"]

1. e4 c5 2. Nf3 d6 3. Bc4 Nc6 4. c3 Nf6 5. d3 g6 6. O-O Bg7 7. h3 O-O 8. Bb3 e5
9. Be3 h6 10. Re1 Be6 11. Bc2 Kh7 12. d4 cxd4 13. cxd4 exd4 14. Nxd4 Nxd4 15.
Bxd4 Ng8 16. Nc3 Bxd4 17. Qxd4 Qg5 18. Re3 Qc5 19. Rd1 Rfd8 20. Red3 Qg5 21.
Qe3 Qxe3 22. Rxe3 Rac8 23. Rd2 Ne7 24. Red3 Rc6 25. a3 Kg7 26. f4 g5 27. f5 Bc4
28. Rd4 Kf6 29. Ba4 Rc7 30. Kf2 Ke5 31. Nd1 h5 32. Ne3 Ba6 33. Bd1 Rc5 34. Bxh5
Nc6 35. Ng4+ Kf4 36. g3# 1-0

[Event "Plzen, FSB A"]
[Site "?"]
[Date "2003.??.??"]
[Round "1.13"]
[White "Toman, J."]
[Black "Lechtynsky, J."]
[Result "1/2-1/2"]
[WhiteElo "2107"]
[BlackElo "2431"]
[PlyCount "75"]
[EventDate "2003.??.??"]
[Source "ChessBase"]
[SourceDate "1996.11.15"]

1. e4 c5 2. Nf3 e6 3. d4 cxd4 4. Nxd4 Nf6 5. Nc3 d6 6. Be2 Be7 7. O-O a6 8. a4
Nc6 9. Be3 Bd7 10. f4 Qc7 11. Nb3 Na5 12. Nd2 O-O 13. g4 d5 14. e5 Bc5 15. Bxc5
Qxc5+ 16. Kh1 d4 17. Nce4 Nxe4 18. Nxe4 Bc6 19. Bf3 Bxe4 20. Bxe4 Nc4 21. Rf3
g6 22. Rh3 f6 23. Qe1 Qc7 24. Qh4 f5 25. gxf5 gxf5 26. Rg1+ Kh8 27. Bf3 Ne3 28.
Qh6 Qe7 29. Rg6 Rae8 30. Bh5 Rg8 31. Rf6 Ng4 32. Bxg4 fxg4 33. Rxe6 Qf7 34.
Rxe8 Rxe8 35. Rg3 Rxe5 36. fxe5 Qf1+ 37. Rg1 Qf3+ 38. Rg2 1/2-1/2

[Event "Plzen, FSB A"]
[Site "?"]
[Date "2003.??.??"]
[Round "1.14"]
[White "Konopka, M."]
[Black "Kratochvil, M."]
[Result "1-0"]
[WhiteElo "2428"]
[BlackElo "2102"]
[PlyCount "83"]
[EventDate "2003.??.??"]
[Source "ChessBase"]
[SourceDate "1996.11.15"]

1. Nf3 Nf6 2. c4 d6 3. d4 Nbd7 4. Nc3 e5 5. e4 Be7 6. Be2 O-O 7. O-O c6 8. Qc2
Qc7 9. Re1 a5 10. h3 Re8 11. Be3 Bf8 12. Rad1 g6 13. dxe5 dxe5 14. Na4 b6 15.
Nd2 Nc5 16. Nxc5 Bxc5 17. Bxc5 bxc5 18. Nb3 Qb6 19. f3 Nd7 20. Qc3 Nf8 21. Rd6
a4 22. Na1 Bb7 23. Kf1 Rad8 24. Rxd8 Qxd8 25. Bd1 Qg5 26. Bxa4 Ne6 27. Rd1 Ra8
28. Bb3 Rf8 29. Nc2 Bc8 30. Qe3 Nf4 31. Ne1 Qg3 32. Qxc5 Bxh3 33. Qf2 Qh2 34.
Qg1 Qg3 35. gxh3 Qxh3+ 36. Kf2 Qh4+ 37. Ke3 Qh6 38. Kd2 Nh3+ 39. Qe3 Rd8+ 40.
Nd3 Nf4 41. Kc2 Qh2+ 42. Rd2 1-0

[Event "Plzen, FSB A"]
[Site "?"]
[Date "2003.??.??"]
[Round "1.16"]
[White "Bernasek, J."]
[Black "Cichy, M."]
[Result "1-0"]
[WhiteElo "2402"]
[BlackElo "2097"]
[PlyCount "57"]
[EventDate "2003.??.??"]
[Source "ChessBase"]
[SourceDate "1996.11.15"]

1. d4 Nf6 2. c4 c5 3. d5 b5 4. cxb5 a6 5. bxa6 Bxa6 6. Nc3 d6 7. Nf3 g6 8. g3
Bg7 9. e4 Bxf1 10. Kxf1 O-O 11. Kg2 Na6 12. Re1 Nd7 13. Bf4 Qb6 14. Re2 c4 15.
Qd2 Nac5 16. Bh6 Nb3 17. axb3 Rxa1 18. Bxg7 Kxg7 19. bxc4 Rc8 20. e5 Nxe5 21.
Nxe5 dxe5 22. Rxe5 Rxc4 23. Rxe7 Ra7 24. Re8 Rb7 25. Qe2 Qc7 26. Ne4 Rd4 27.
Qf3 Rxd5 28. Qf6+ Kh6 29. Rg8 1-0

[Event "Plzen, FSB A"]
[Site "?"]
[Date "2003.??.??"]
[Round "1.17"]
[White "Kriz, L."]
[Black "Pribyl, J."]
[Result "0-1"]
[WhiteElo "2097"]
[BlackElo "2393"]
[PlyCount "106"]
[EventDate "2003.??.??"]
[Source "ChessBase"]
[SourceDate "1996.11.15"]

1. c4 e5 2. Nc3 Nc6 3. g3 Bb4 4. Nd5 a5 5. Bg2 Nge7 6. e3 Nxd5 7. cxd5 Ne7 8.
Ne2 d6 9. Nc3 Bc5 10. O-O h5 11. Qa4+ Bd7 12. Qh4 f6 13. Qc4 h4 14. d4 exd4 15.
exd4 Bb6 16. Bd2 hxg3 17. fxg3 Kf7 18. Ne4 Nf5 19. Bc3 Ne3 20. Qd3 Nxg2 21. Rf2
Rh5 22. Raf1 Bh3 23. g4 Nf4 24. Rxf4 Bxf1 25. Rxf1 Rh4 26. g5 Qd7 27. Nf2 Rah8
28. h3 R8h5 29. gxf6 gxf6 30. Ng4 Rxg4+ 31. hxg4 Qxg4+ 32. Kf2 Qf5+ 33. Qxf5
Rxf5+ 34. Ke2 Rxd5 35. Kd3 Rh5 36. Rf4 d5 37. Bd2 Rh3+ 38. Ke2 a4 39. a3 c6 40.
Bc3 Bc7 41. Rg4 Bd6 42. Kd2 f5 43. Rg1 Bf4+ 44. Ke2 Be3 45. Rg2 f4 46. Rg4 Rh2+
47. Kd3 Bc1 48. Rg1 Bxb2 49. Bd2 Rh3+ 50. Kc2 Bxd4 51. Rg4 c5 52. Rxf4+ Ke6 53.
Rg4 Rxa3 0-1

[Event "Plzen, FSB A"]
[Site "?"]
[Date "2003.??.??"]
[Round "1.18"]
[White "Michalek, J."]
[Black "Skacel, J."]
[Result "0-1"]
[WhiteElo "2390"]
[BlackElo "2093"]
[PlyCount "118"]
[EventDate "2003.??.??"]
[Source "ChessBase"]
[SourceDate "1996.11.15"]

1. e4 c5 2. Nf3 Nc6 3. d4 cxd4 4. Nxd4 Nf6 5. Nc3 e6 6. Nxc6 bxc6 7. e5 Nd5 8.
Ne4 Qc7 9. f4 f5 10. exf6 Nxf6 11. Nxf6+ gxf6 12. Qh5+ Kd8 13. Bd2 d5 14. c4
Rb8 15. Qh4 Qf7 16. Ba5+ Kd7 17. cxd5 exd5 18. O-O-O Bb4 19. Bxb4 Rxb4 20. Qh3+
Qe6 21. Qa3 Qd6 22. Qxa7+ Bb7 23. Qe3 Qxf4 24. Qxf4 Rxf4 25. g3 Rf2 26. Bh3+
Kd6 27. Rdf1 Rxf1+ 28. Rxf1 Rf8 29. Bf5 h6 30. b4 Ke5 31. Rf4 Ba6 32. Bc2 f5
33. Kd2 Bc4 34. a3 d4 35. Bd3 Bd5 36. Rh4 Ra8 37. Rh5 Be4 38. Bxe4 Kxe4 39.
Rxh6 Rxa3 40. Rxc6 Ra2+ 41. Rc2 Ra8 42. b5 Rh8 43. Kd1 Rb8 44. Rb2 Kd3 45. b6
Kc3 46. Rb1 d3 47. b7 f4 48. Rc1+ Kd4 49. Rc7 f3 50. Rd7+ Ke3 51. Rf7 f2 52.
Re7+ Kf3 53. Kd2 Kg2 54. Rf7 f1=Q 55. Rxf1 Kxf1 56. Kxd3 Kg2 57. Ke4 Kh3 58.
Kf5 Rxb7 59. g4 Kh4 0-1

[Event "Plzen, FSB A"]
[Site "?"]
[Date "2003.??.??"]
[Round "1.19"]
[White "Reitinger, P."]
[Black "Nun, J."]
[Result "0-1"]
[WhiteElo "2083"]
[BlackElo "2358"]
[PlyCount "48"]
[EventDate "2003.??.??"]
[Source "ChessBase"]
[SourceDate "1996.11.15"]

1. f4 b5 2. e3 Bb7 3. Nf3 b4 4. b3 e6 5. Bb2 Nf6 6. d4 h6 7. Bd3 a5 8. O-O Be7
9. a3 O-O 10. axb4 axb4 11. Rxa8 Bxa8 12. Nbd2 d6 13. Nc4 Nbd7 14. f5 exf5 15.
Bxf5 Re8 16. Qe1 Bf8 17. Qh4 Be4 18. Nfd2 Bxf5 19. Rxf5 d5 20. Ne5 Nxe5 21.
dxe5 Ne4 22. Qxd8 Rxd8 23. Nf3 c5 24. Ne1 Ra8 0-1

[Event "Plzen, FSB A"]
[Site "?"]
[Date "2003.??.??"]
[Round "1.20"]
[White "Jurek, J."]
[Black "Sedlacek, J."]
[Result "1-0"]
[WhiteElo "2342"]
[BlackElo "2083"]
[PlyCount "63"]
[EventDate "2003.??.??"]
[Source "ChessBase"]
[SourceDate "1996.11.15"]

1. c4 e5 2. g3 Nf6 3. Bg2 Bc5 4. Nc3 O-O 5. Nf3 d6 6. d4 exd4 7. Nxd4 Bxd4 8.
Qxd4 Nc6 9. Qd1 h6 10. O-O Re8 11. b3 Be6 12. Bb2 Qd7 13. Nd5 Bxd5 14. cxd5 Ne5
15. Rc1 Rac8 16. Re1 Qf5 17. e4 Qg4 18. f4 Qxd1 19. Rcxd1 Ned7 20. e5 dxe5 21.
fxe5 Ng4 22. e6 fxe6 23. dxe6 Nc5 24. e7 c6 25. Bf3 Nf6 26. Bxf6 gxf6 27. Bg4
Rb8 28. Bh5 a5 29. Rd4 f5 30. Re5 b6 31. Bxe8 Rxe8 32. Rd8 1-0

[Event "Plzen, FSB A"]
[Site "?"]
[Date "2003.??.??"]
[Round "1.21"]
[White "Staszko, M."]
[Black "Horak, M."]
[Result "1-0"]
[WhiteElo "2083"]
[BlackElo "2341"]
[PlyCount "51"]
[EventDate "2003.??.??"]
[Source "ChessBase"]
[SourceDate "1996.11.15"]

1. e4 c5 2. Nf3 Nc6 3. d4 cxd4 4. Nxd4 Nf6 5. Nc3 e5 6. Ndb5 d6 7. Bg5 a6 8.
Na3 b5 9. Bxf6 gxf6 10. Nd5 f5 11. c3 Bg7 12. exf5 Bxf5 13. Nc2 O-O 14. Nce3
Be6 15. Bd3 f5 16. O-O Ne7 17. Nxe7+ Qxe7 18. Bxf5 Kh8 19. Bxe6 Qxe6 20. Qd5
Qd7 21. Rad1 Rad8 22. c4 Rf4 23. b3 bxc4 24. Nxc4 Rd4 25. Rxd4 exd4 26. Re1 1-0

[Event "Plzen, FSB A"]
[Site "?"]
[Date "2003.??.??"]
[Round "1.22"]
[White "Freisler, P."]
[Black "Sladek, J."]
[Result "1/2-1/2"]
[WhiteElo "2329"]
[BlackElo "2081"]
[PlyCount "38"]
[EventDate "2003.??.??"]
[Source "ChessBase"]
[SourceDate "1996.11.15"]

1. Nf3 d6 2. d4 Nd7 3. c4 e5 4. Nc3 g6 5. Bg5 f6 6. Bh4 g5 7. Bg3 Ne7 8. e4 Bg7
9. Be2 O-O 10. dxe5 dxe5 11. h4 g4 12. Nh2 h5 13. Nf1 f5 14. exf5 Nxf5 15. Qd5+
Kh8 16. O-O-O c6 17. Qe4 Qf6 18. Bd3 Nc5 19. Qe1 Nxd3+ 1/2-1/2

[Event "Plzen, FSB A"]
[Site "?"]
[Date "2003.??.??"]
[Round "1.23"]
[White "Vladyka, V."]
[Black "Gross, S."]
[Result "0-1"]
[WhiteElo "2079"]
[BlackElo "2328"]
[PlyCount "90"]
[EventDate "2003.??.??"]
[Source "ChessBase"]
[SourceDate "1996.11.15"]

1. e4 c5 2. Nf3 e6 3. c4 a6 4. Nc3 b6 5. d3 d6 6. Be2 Nd7 7. O-O Ngf6 8. b3 Be7
9. Bb2 Bb7 10. Qc2 O-O 11. Rfe1 Qc7 12. Bf1 Ne5 13. Qe2 Nfd7 14. Nxe5 dxe5 15.
Nd1 Nb8 16. Ne3 Nc6 17. Nc2 Bg5 18. Bc1 Bxc1 19. Raxc1 Qe7 20. Qe3 Rad8 21. Qg3
f6 22. Rcd1 Rd6 23. Rd2 Rfd8 24. f3 R6d7 25. Qf2 Qd6 26. g3 Rf7 27. Qe3 f5 28.
exf5 exf5 29. Qf2 e4 30. f4 Nd4 31. Nxd4 cxd4 32. Rb2 e3 33. Qe2 g5 34. Qh5
gxf4 35. Bg2 fxg3 36. Bxb7 Rxb7 37. hxg3 Rg7 38. Rg2 Rf8 39. Qf3 Kh8 40. Rf1
Rg4 41. Kh1 Qh6+ 42. Rh2 Qg6 43. Rg1 f4 44. Rhg2 Rg8 45. Qd5 fxg3 0-1

[Event "Plzen, FSB A"]
[Site "?"]
[Date "2003.??.??"]
[Round "1.24"]
[White "Sikora-Lerch, J."]
[Black "Cvikl, M."]
[Result "1-0"]
[WhiteElo "2324"]
[BlackElo "2078"]
[PlyCount "97"]
[EventDate "2003.??.??"]
[Source "ChessBase"]
[SourceDate "1996.11.15"]

1. c4 Nf6 2. g3 g6 3. Bg2 Bg7 4. Nc3 c5 5. d3 Nc6 6. a3 O-O 7. Rb1 d6 8. b4 Nd7
9. Bd2 f5 10. Qc1 Nce5 11. h4 cxb4 12. axb4 Nf6 13. Bh6 Bxh6 14. Qxh6 Nf7 15.
Qd2 h6 16. Nh3 Kg7 17. Nf4 Qd7 18. Ncd5 Ne5 19. Ra1 Qd8 20. Nxf6 Rxf6 21. h5 g5
22. Nd5 Rf8 23. f4 e6 24. Ne3 Nc6 25. Nc2 Qf6 26. e3 Bd7 27. b5 Nd8 28. d4 Rf7
29. Kf2 Be8 30. Qb4 e5 31. dxe5 dxe5 32. Qb2 gxf4 33. gxf4 e4 34. Nd4 Kh7 35.
Bh3 Bd7 36. Rag1 Rc8 37. Bf1 Rg7 38. Rxg7+ Kxg7 39. Qb4 Ne6 40. Nxf5+ Qxf5 41.
Qe7+ Qf7 42. Rg1+ Ng5 43. Qxf7+ Kxf7 44. fxg5 hxg5 45. Rxg5 Be6 46. h6 Bxc4 47.
Rg7+ Kf8 48. Rxb7 Bxf1 49. h7 1-0

[Event "Plzen, FSB A"]
[Site "?"]
[Date "2003.??.??"]
[Round "1.25"]
[White "Kalista, K."]
[Black "Novak, P."]
[Result "0-1"]
[WhiteElo "2074"]
[BlackElo "2317"]
[PlyCount "124"]
[EventDate "2003.??.??"]
[Source "ChessBase"]
[SourceDate "1996.11.15"]

1. d4 Nf6 2. c4 c5 3. Nf3 cxd4 4. Nxd4 e5 5. Nb5 d5 6. cxd5 Bc5 7. e3 O-O 8.
N5c3 a6 9. a4 e4 10. Be2 Nbd7 11. Nd2 Re8 12. Nc4 Ne5 13. O-O Nxc4 14. Bxc4 Ng4
15. h3 Ne5 16. Nxe4 Bb6 17. Be2 Ng6 18. Ng3 Bc7 19. Bf3 Ne5 20. e4 Qf6 21. Be2
Ng6 22. Bd3 Qh4 23. Nf5 Bxf5 24. exf5 Ne5 25. Be3 Rad8 26. Be2 Qe4 27. Rc1 Bb8
28. Qb3 Qxf5 29. Qxb7 Ng6 30. Qb3 h5 31. Bxa6 Qe5 32. g3 h4 33. Bb6 hxg3 34.
fxg3 Rd6 35. Rce1 Qxe1 36. Rxe1 Rxe1+ 37. Kf2 Re5 38. Bc4 Rf6+ 39. Kg2 Rg5 40.
g4 Nf4+ 41. Kh1 Nxh3 42. Qxh3 Rh6 43. Qxh6 gxh6 44. a5 Rxg4 45. b3 Re4 46. Bc5
h5 47. a6 Re1+ 48. Kg2 Rd1 49. d6 Bxd6 50. Bxd6 Rxd6 51. a7 Rd2+ 52. Kg3 Ra2
53. Kh4 Kg7 54. Kxh5 Kf6 55. Kg4 Rxa7 56. Kf4 Rd7 57. Kf3 Ke5 58. Be2 Rd4 59.
Bc4 f5 60. Ke3 Rh4 61. Be2 f4+ 62. Kf3 Rh3+ 0-1

[Event "Plzen, FSB A"]
[Site "?"]
[Date "2003.??.??"]
[Round "1.26"]
[White "Plischki, S."]
[Black "Kolar, J."]
[Result "1-0"]
[WhiteElo "2310"]
[BlackElo "2063"]
[PlyCount "33"]
[EventDate "2003.??.??"]
[Source "ChessBase"]
[SourceDate "1996.11.15"]

1. d4 Nf6 2. c4 c6 3. Nf3 d5 4. e3 a6 5. Bd3 dxc4 6. Bxc4 b5 7. Bb3 e6 8. O-O
c5 9. a4 b4 10. Nbd2 Nbd7 11. e4 cxd4 12. e5 Ng4 13. Nc4 Qc7 14. Qxd4 Nc5 15.
Bc2 h5 16. h3 Nh6 17. Nd6+ 1-0

[Event "Plzen, FSB A"]
[Site "?"]
[Date "2003.??.??"]
[Round "1.27"]
[White "Snaidr, J."]
[Black "Folk, P."]
[Result "0-1"]
[WhiteElo "2063"]
[BlackElo "2284"]
[PlyCount "112"]
[EventDate "2003.??.??"]
[Source "ChessBase"]
[SourceDate "1996.11.15"]

1. d4 Nf6 2. c4 c5 3. d5 b5 4. Qc2 g6 5. e4 d6 6. Nf3 Bg7 7. Be2 O-O 8. O-O
bxc4 9. Bxc4 Nbd7 10. Bd2 Nb6 11. Ba5 Qd7 12. Be2 Qa4 13. Qxa4 Nxa4 14. Nbd2
Nxb2 15. Rab1 Na4 16. Bb5 Nb6 17. e5 dxe5 18. Nxe5 Nfxd5 19. Ndf3 Bb7 20. Rfc1
Rfc8 21. Nd7 c4 22. Bxb6 Nxb6 23. Nxb6 axb6 24. Bxc4 Bh6 25. Rc3 Ba6 26. Ne5 e6
27. Rxb6 Bg7 28. Ra3 Bb7 29. Rxa8 Bxa8 30. f4 g5 31. g3 Bxe5 32. fxe5 Rxc4 33.
Rb8+ Kg7 34. Rxa8 Rc5 35. a4 Rxe5 36. Kf2 Kg6 37. h3 h5 38. a5 Kf5 39. a6 Ra5
40. Rh8 Kg6 41. Ra8 Ra3 42. Rg8+ Kf5 43. Rh8 h4 44. gxh4 gxh4 45. Rh5+ Kg6 46.
Rxh4 Rxa6 47. Rh8 Ra3 48. Rh4 f5 49. Rh8 e5 50. h4 e4 51. h5+ Kg7 52. Rb8 Rh3
53. Rb6 Rxh5 54. Kg3 Rh6 55. Rb5 Kf6 56. Rb6+ Kg5 0-1

[Event "Plzen, FSB A"]
[Site "?"]
[Date "2003.??.??"]
[Round "1.31"]
[White "Palek, M."]
[Black "Kamenik, M."]
[Result "1/2-1/2"]
[WhiteElo "2246"]
[BlackElo "2057"]
[PlyCount "129"]
[EventDate "2003.??.??"]
[Source "ChessBase"]
[SourceDate "1996.11.15"]

1. e4 e5 2. Nf3 f5 3. Nxe5 Qf6 4. d4 d6 5. Nc4 fxe4 6. Nc3 Qg6 7. Bf4 Nf6 8. d5
a6 9. Qd2 Be7 10. O-O-O O-O 11. Kb1 b5 12. Na5 Nbd7 13. Nc6 Bd8 14. h4 Bb7 15.
Na5 Rb8 16. Nxb7 Rxb7 17. Be2 Nc5 18. a3 b4 19. axb4 Rxb4 20. Be3 Nfd7 21. Na2
Rb8 22. Nb4 Bf6 23. Bd4 Rb6 24. Nc6 Re8 25. Rh3 Qf7 26. Rg3 Kh8 27. Bxf6 Qxf6
28. Qd4 Ne5 29. Bh5 g6 30. Be2 Kg7 31. Nxe5 Rxe5 32. h5 g5 33. h6+ Kh8 34. Re3
a5 35. b3 Rb4 36. Qc3 Kg8 37. Kc1 Qxh6 38. Bg4 Qf6 39. Rd2 Kg7 40. Qa1 Rb5 41.
Qc3 Qf4 42. Be2 Rb4 43. Bd1 Kg6 44. f3 h5 45. g3 Qxg3 46. fxe4 Qf4 47. Rf3 Nxe4
48. Qxb4 axb4 49. Rxf4 gxf4 50. Rd4 Kg5 51. Rxb4 Nf2 52. Bxh5 Rxd5 53. Bf3 Re5
54. Rc4 c5 55. b4 cxb4 56. Rxb4 Ng4 57. Rd4 Re6 58. Kd2 Ne5 59. Bd5 Rh6 60. c4
Rh2+ 61. Ke1 f3 62. Kf1 Rc2 63. Bxf3 Nxf3 64. Rxd6 Ne5 65. Rd8 {partie
skoncila v 116. tahu remis} 1/2-1/2

[Event "Plzen, FSB A"]
[Site "?"]
[Date "2003.??.??"]
[Round "1.32"]
[White "Houska, J."]
[Black "Petr, M."]
[Result "0-1"]
[WhiteElo "2056"]
[BlackElo "2236"]
[PlyCount "126"]
[EventDate "2003.??.??"]
[Source "ChessBase"]
[SourceDate "1996.11.15"]

1. e4 e6 2. d4 d5 3. Nd2 c5 4. exd5 exd5 5. Ngf3 Nc6 6. Bb5 Bd6 7. O-O Nge7 8.
dxc5 Bxc5 9. Nb3 Bd6 10. Re1 O-O 11. Bd3 h6 12. h3 Nf5 13. c3 Qf6 14. Bc2 Rd8
15. Qd3 g6 16. Qd2 Bf8 17. Nh2 Qg7 18. Ng4 h5 19. Ne3 Nfe7 20. Rd1 Qf6 21. Nd4
Bg7 22. Bb3 Nxd4 23. Qxd4 Qxd4 24. cxd4 Be6 25. Nc2 Nf5 26. Bg5 Rdc8 27. Ne3
Nxd4 28. Bxd5 Rc5 29. Bxe6 Nxe6 30. Be7 Rc7 31. Nd5 Rc2 32. Nf6+ Kh8 33. Rab1
Rac8 34. Rd7 R8c7 35. Rbd1 Rxd7 36. Rxd7 Rxb2 37. a4 a5 38. g4 hxg4 39. hxg4 g5
40. Kg2 Rb6 41. Kg3 Nf8 42. Bxf8 Bxf6 43. Bc5 Rb3+ 44. Kg2 Kg7 45. Rd5 b6 46.
Be3 Rb4 47. Kf3 Rxa4 48. Bxb6 Ra3+ 49. Ke4 a4 50. Be3 Ra2 51. Bxg5 Rxf2 52.
Bxf6+ Kxf6 53. Ra5 Ra2 54. Kf4 a3 55. Ra6+ Kg7 56. Kg3 f6 57. Ra5 Kg6 58. Kf3
Ra1 59. Kg3 Kf7 60. Ra6 Ke7 61. Kf3 Kd7 62. Kg3 Kc7 63. Kh3 Kb7 0-1

[Event "Plzen, FSB A"]
[Site "?"]
[Date "2003.??.??"]
[Round "1.34"]
[White "Hajek, J."]
[Black "Trkulja, Z."]
[Result "1/2-1/2"]
[WhiteElo "2029"]
[BlackElo "2220"]
[PlyCount "22"]
[EventDate "2003.??.??"]
[Source "ChessBase"]
[SourceDate "1996.11.15"]

1. e4 e6 2. d4 d5 3. exd5 exd5 4. Bf4 Bd6 5. Bxd6 Qxd6 6. c3 Bf5 7. Bd3 Ne7 8.
Nf3 Nbc6 9. Na3 a6 10. Nc2 O-O 11. O-O Bxd3 1/2-1/2